000 00780nam a2200265Ia 4500
003 OSt
005 20220925223726.0
006 a|||||r|||| 00| 0
007 ta
008 220923b |||||||| |||| 00| 0 eng d
020 _a9780415442404
_c1504.8900000000001
037 _bBBS/24, 29/09/2011, Better Book Service
_cGeneral Book
040 _aRTL
_cRTL
_beng
041 _2eng
_aeng
082 _aU44, Q1
100 _aWoods Michael
_9290240
245 0 _aRural
260 _aLondon
_bRoutledge
_c2011
300 _axi, 336p
_ccm.
490 _aKey Ideas in Geography
500 _aBibliography: P 295-325
650 _aGeography
942 _hU44, Q1
_cGB
_2CC
999 _c580269
_d580269